000 02086nam0a2200373 4500
001 RU\NLR\BIBL_A\012586272
005 20251126141043.0
010 _a978-5-6046061-0-0
021 _aRU
_bКН-П-21-026061
_9КН-П-21-2010
035 _a(NLR Aleph) 012586272
090 _a12538025
_c12538025
100 _a20210827d2021 k y0rusy50 ca
101 0 _arus
102 _aRU
105 _aac||z|||001zy
181 0 _ai
_baxxe
182 0 _an
200 1 _aОчерки клинической энтерологии
_eсборник статей специалистов МКНЦ имени А. С. Логинова, опубликованных в журнале "Терапевтический архив" в 2012-2021 гг.
_fавторы-составители: А. И. Парфенов, О. В. Князев
_gпод редакцией члена-корреспондента РАН, профессора И. Е. Хатькова
203 _aТекст
_bвизуальный
_cнепосредственный
210 _aМосква
_cМосковский клинический научный центр
_cConsilium Medicum
_d2021
215 _a479, [1] с.
_cил., цв. ил., портр., табл.
_d27
320 _aБиблиогр. в конце ст.
320 _aПредм. указ.: с. 475-479
606 1 _aКлиническая энтерология
_jСборники
_92247522
_3RU\NLR\AUTH\661348291
686 1 _aР413.3я43
702 1 _aПарфенов
_bА. И.
_gАсфольд Иванович
_4220
702 1 _aХатьков
_bИ. Е.
_f1967-
_gИгорь Евгеньевич
_4340
711 0 2 _aМосковский клинический научно-практический центр им. А. С. Логинова
_9766598
_3RU\NLR\AUTH\880550451
711 0 2 _a"Терапевтический архив", журнал
_cМосква
_9766615
_3RU\NLR\AUTH\880550456
942 _cBOOK
980 _aNB